000 00773nam a2200229 i 4500
001 80250
003 ES-MaACL
005 20240424063045.0
007 t|
008 041027s1976 sp |||| | spa d
080 _a821.134.2-14"19"
100 1 _aHidalgo, José Luis,
_d1919-1947
_9159758
245 1 0 _aObra poética completa /
_cJosé Luis Hidalgo ; edición y prólogo de Mª de Gracia Ifach.
260 _aSantander :
_bInstitución Cultural de Cantabria,
_c1976.
300 _a240 p. ;
_c19 cm.
490 1 _aColección de bolsillo ;
_v3
700 1 _aIfach, María de Gracia.
_965053
710 2 _aInstitución Cultural de Cantabria.
_94712
830 0 _aColección de bolsillo ;
_v3
_9177598
852 _aES-MaACL
_jA-6392
999 _c80250
_d80250